Statistics for 1950s Celebrities by Picture #2

Click here to take the quiz!

General Stats

  • This quiz has been taken 13,778 times
  • The average score is 10 of 16

Answer Stats

Answer % Correct
Marilyn Monroe
97%
Doris Day
65%
Ronald Reagan
64%
Grace Kelly
63%
Lucille Ball
60%
Marlon Brando
60%
Alfred Hitchcock
60%
Elizabeth Taylor
60%
Dean Martin
58%
Buddy Holly
57%
Brigitte Bardot
54%
Little Richard
47%
John Wayne
46%
Eva PerĂ³n
44%
Nikita Khrushchev
41%
Jackie Robinson
35%

Score Distribution

Percentile by Number Answered

Percent of People with Each Score

Your Score History

You have not taken this quiz